Novela zákona o cenných papieroch
Novela zákona č. 566/2001 Z.z. o cenných papieroch a investičných službách (zákon o CP) schválená v septembri 2011 vládou SR. Ciele novelizácie zákona a významné zmeny v zákone.
Guardado en:
| Autor principal: | |
|---|---|
| Formato: | Capítulo de libro |
| Lenguaje: | eslovaco |
| Materias: | |
| Etiquetas: |
Sin Etiquetas, Sea el primero en etiquetar este registro!
|
MARC
| LEADER | 00000naa a2200000 4500 | ||
|---|---|---|---|
| 001 | 0145584 | ||
| 005 | 20240502072626.1 | ||
| 041 | 0 | |a slo | |
| 044 | |a SK | ||
| 245 | 1 | 0 | |a Novela zákona o cenných papieroch |c Jitka Meluchová |
| 520 | |a Novela zákona č. 566/2001 Z.z. o cenných papieroch a investičných službách (zákon o CP) schválená v septembri 2011 vládou SR. Ciele novelizácie zákona a významné zmeny v zákone. | ||
| 610 | 2 | 0 | |a papiere cenné |
| 610 | 2 | 0 | |a zákony |
| 610 | 2 | 0 | |a novelizácia |
| 610 | 2 | 0 | |a Slovensko |
| 100 | 1 | |a Meluchová, Jitka, 1965- | |